01790nam a2200433 a 4500001001000000003000500010005001700015008004100032010001100073011001100084040000900095090001000104100003500114245013500149260004100284500006000325502008600385590003700471590004000508590004000548590004000588650002800628650002700656650003400683650002100717650004000738650007300778650004100851650003800892650002200930856001600952856007000968901000701038942001001045942000601055999001901061952014001080952013601220000111942CHAP20230719085525.0151016s2015 mx a fsm |||||||spa d a108403 a109375 cCHAP aTesis1 aAlejandro Mendez, Abad912995410aDiseño de software para administrar el mantenimiento preventivo de un parque vehicularh[En línea]cpor Abad Alejandro Mendez. aChapingo, Méx. :bEl autor,c2015. aPara ver el contenido del material haga clic en la liga aTesis (Ing. Mecánico Agrícola) -- UACH. Departamento de Mecánica Agrícola aBATCHb00c20181121lUCH01h0758 aE6096MTMb05c20151016lUCH01h1220 aE6096MTMb05c20151016lUCH01h1224 aE6096MTMb05c20151016lUCH01h122417aMicrosoft Access2941314aBases de datos.91068414aBASIC (Programación)91069514aDiseño.93272714aLenguajes de programación.96598914aProcesamiento automático de datos en maquinaria agrícola.99179914aProgramación (Computadoras)99236814aSistema de información.910670714aSoftware.9108281 a1 n0000203 aFinding aiduhttp://10.13.5.2/tesis/sist111942.pdfzTeclea aquí aBK cTESIS n0 c108403d108403 00102local4053708TESISaBCbBCcPA_TESISd2015-10-16fTESISl0oTesisp33724002510892r2019-12-31 00:00:00tc.2w2019-12-31yTESIS 00104054718TESISaBCbBCd2015-10-16fTESISl0oTesisp33724002510934r2019-12-31 00:00:00w2019-12-31yTESISzRecien adquirido